European Countries in their native language - Statistics

General Stats
  • This quiz has been taken 1,691 times
  • The average score is 25 of 45
Answers on the Map
Answers color-coded by a green-red scale on the quiz's map according to % correct below.
 
Answer Stats
Answer % Correct
United Kingdom
98%
Italia
95%
Deutschland
93%
España
92%
France
92%
Portugal
87%
Andorra
81%
Monaco
80%
San Marino
80%
Éireann
79%
Österreich
75%
Suomi
75%
Liechtenstein
74%
Polska
72%
România
71%
Nederland
70%
Malta
69%
Moldova
66%
Ísland
62%
Norge
62%
България
61%
Danmark
60%
Sverige
58%
Беларусь
55%
België
55%
Hrvatska
54%
Schweiz
52%
Ελλάδα
49%
Україна
45%
Città del Vaticano
44%
Россия
40%
Eesti
39%
Slovenija
33%
Србија
30%
Северна Македонија
29%
Slovensko
28%
Česko
27%
Lietuva
27%
Crna Gora
25%
Kosova
25%
Magyarország
25%
Latvija
24%
Lëtzebuerg
23%
Bosna i Hercegovina
22%
Shqipëria
20%
No matching quizzes found
Score Distribution
Percent of People with Each Score
Percentile by Number Answered
Your Score History
You have not taken this quiz